Tableau des médailles des Jeux Olympiques 2024 - Statistiques

Statistiques générales
  • Ce quiz a été pris 139 fois
  • Le résultat moyen est 16 sur 20
Statistiques - réponses
# Pays 🥇 🥈 🥉 % Correct
1 États-Unis 40 44 42
100%
5 France 16 26 22
100%
2 Chine 40 27 24
99%
3 Japon 20 12 13
99%
7 Royaume-Uni 14 22 29
93%
15 Espagne 5 4 9
92%
12 Canada 9 7 11
91%
4 Australie 18 19 16
89%
20 Brésil 3 7 10
89%
10 Allemagne 12 13 8
88%
9 Italie 12 13 15
88%
8 Corée du Sud 13 9 10
83%
6 Pays-Bas 15 7 12
83%
18 Norvège 4 1 3
74%
16 Suède 4 4 3
74%
11 Nouvelle-Zélande 10 7 3
66%
14 Hongrie 6 7 6
55%
19 Irlande 4 0 3
53%
17 Kenya 4 2 5
53%
13 Ouzbékistan 8 2 3
34%
Aucun quiz correspondant
Distribution des résultats
% des personnes avec chaque résultat
Percentile par nombre de réponses
Votre historique - résultats
Vous n’avez pas pris ce quiz